000 01092 a2200253 4500
999 _c6967
_d6967
020 _a0750623411
050 0 0 _aHD58.8 CAR 1996
100 1 _aCartwright, Susan,
_d1951-
_eauthor
245 1 0 _aManaging mergers, acquisitions, and strategic alliances :
_bintegrating people and cultures /
_cSue Cartwright and Cary L. Cooper.
250 _a2nd ed.
264 _aOxford:
_bButterworth - Heinemann,
_c1996.
300 _a250 p. :
_bill. ;
500 _aRev. ed. of: Mergers and acquisitions.1992.
504 _aIncludes bibliographical references and index.
650 0 _aConsolidation and merger of corporations
_xManagement.
650 0 _aCorporate culture.
650 0 _aStrategic alliances (Business)
700 1 _aCooper, Cary L.
_eauthor
700 1 _aCartwright, Sue.
_tMergers and acquisitions.
856 4 2 _3Publisher description
_uhttp://www.loc.gov/catdir/description/els032/96115944.html
856 4 1 _3Table of contents
_uhttp://www.loc.gov/catdir/toc/els032/96115944.html
942 _2lcc
_cBK
_h58.8
_iCAR
_kHD